000 00390 a2200109 4500
082 _a625.85 ROB
100 _aRoberts, Freddy L.
245 _aHot Mix Asphalt Materials, Mixture Design And Construction
_cFreddy L. Roberts and Prithvi
250 _a1st ed
260 _aMaryland :
_bNAPA Education Foundation,
_c1991
300 _axvi, 490[. :
_bill. ;
_c25 cm
650 _aAsphalt Materials -- Mixture Design -- Construction
999 _c1586
_d1586